00557nam a2200145Ia 450000500170000000800460001703700290006304000200009204100130011208400250012524501460015024500540029626000480035030000130039820250508151233.0008 250505s9999 xx 000 0 eng d aBooks to be hide in OPAC aFEDLbengcFEDL aeng2eng a370.954, IND/OqFEDL 0aProceedings of the fifteenth meeting of the central advisory board of education in India, held at Allahabad on 7th, 8th and 9th January, 1949 0cMinistry of Education. Bureau of Education, India aDelhi, IndiabManager of Publication c1949 aii,109p.